000 01740nam a2200229 4500
008 170511b xxu||||| |||| 00| 0 eng d
020 _a0-19-520998-2
082 _21994
_aDC 331.120947
_bL11
245 _aLabor markets and social policy in Central and Eastern Europe :
_b the transition and beyond /
_cedited by Nicholas Barr
260 _aLondon :
_bOxford Univerersity Press,
_cc1994.
300 _axviii, 387 pages :
_billustrations ;
_c24 cm.
500 _aIncludes bibliographical references and index.
505 _aOverview: Hopes tears and transformation / Nicholas Barr and Ralph W. Harbison -- The role of government in a market economy / Nicholas Barr -- The inheritance / Saul Estrin -- The forces driving change / Nicholas Barr -- Constraints on change / Nicholas Barr, Stanislav Gomulka, and Igor Tomes̀† -- A strategy for reform / Nicholas Barr -- Labor markets : wages and employment / Richard Jackman and Michael Rutkowski -- Labor markets : unemployment / David Fretwell and Richard Jackman -- Income transfers : social insurance / Nicholas Barr -- Income transfers : family support and poverty relief / Sandor Sipos -- Education and training / Bruno Laporte and Julian Schweitzer -- Health and health care / Alexander S. Preker and Richard G. A. Feachem -- Driving change / Iain Crawford and Alan Thompson
650 0 _920795
_aLabor market -- Europe, Eastern
650 0 _920796
_aLabor market -- Europe, Central
650 0 _920797
_aEurope, Eastern -- Social policy
650 0 _920798
_aEurope, Central -- Social policy
650 0 _920799
_aEurope, Eastern -- Economic conditions -- 1991-
650 0 _920800
_aEurope, Central -- Economic conditions
700 _920801
_aBarr, N. A
_eeditor
942 _2ddc
_cDC
999 _c6873
_d6873